| 000 | 02180nam a22003733i 4500 | ||
|---|---|---|---|
| 001 | BDZ0051861937 | ||
| 003 | StDuBDS | ||
| 005 | 20230721104654.0 | ||
| 007 | cr|||||||||||| | ||
| 008 | 221021s2022 enk go 000|0|ger d | ||
| 020 |
_a9783658380120 : _c23.99 |
||
| 040 |
_aStDuBDS _beng _erda _cStDuBDS |
||
| 072 | 7 |
_aKCP _2bicssc |
|
| 072 | 7 |
_aKFFR _2bicssc |
|
| 072 | 7 |
_aECO _2ukslc |
|
| 072 | 7 |
_aKCP _2thema |
|
| 072 | 7 |
_aKFFR _2thema |
|
| 245 | 0 | 0 |
_aDemografie, Wohnen, Immobilien / _cedited by Budliger Hendrik. |
| 264 | 1 |
_bSpringer Fachmedien Wiesbaden, _c2022. |
|
| 300 | _a1 online resource | ||
| 336 |
_atext _2rdacontent |
||
| 337 |
_aunmediated _2rdamedia |
||
| 338 |
_avolume _2rdacarrier |
||
| 366 |
_b20220922 _cAvailable |
||
| 520 | 8 | _aDie alternde Gesellschaft und die sich verschiebende Altersstruktur haben mannigfaltige Auswirkungen auf die Entwicklung von Wohnformen und die Nachfrage nach Wohnraum. Die sich daraus ergebenden demografischen Risiken sind auch fur Immobilieninvestoren relevant. In 10 Buchbeitragen wird der Einfluss der Demografie auf das Wohnen und den Immobilienmarkt in verschiedenen Regionen der Welt aus unterschiedlichen Perspektiven beleuchtet und diskutiert. Durch eine steigende Lebenserwartung, eine stagnierende Zuwanderung und eine geringere Fertilitat hat sich die Altersstruktur weltweit verandert und wird sich weiter verandern. Wahrend sich der ganze Markt nur langsam bewegt, gibt es regional sehr ungleiche Entwicklungen. Es sind weiter groere Veranderungen zwischen den Gemeinden aufgrund der Altersstruktur und der Wanderungssalden zu erwarten, was sich auch anhand der Miet- und Immobilienpreise zeigen wird. Beispiele aus Munchen und Ostdeutschland veranschaulichen diese Entwicklung und ein Exkurs nach Japan zeichnet unsere mogliche Zukunft vor. | |
| 650 | 7 | _aECONOMICIS | |
| 650 | 7 | _aEBOOK | |
| 650 | 7 | _aPOLITICAL ECONOMY | |
| 650 | 7 | _aREAL ESTATE | |
| 662 | _aGERMANY | ||
| 700 | 1 |
_aHendrik, Budliger, _eeditor. |
|
| 856 | 4 | 0 |
_uhttps://www.vlebooks.com/product/openreader?id=RICS&accId=9491556&isbn=9783658380120 _zView on VLEbooks. Logins for members only from [email protected] |
| 942 | _2ddc | ||
| 999 |
_c121617 _d121617 |
||